| 000 | 01067nam a2200301 a 4500 | ||
|---|---|---|---|
| 001 | 58500 | ||
| 003 | BD-RJUL | ||
| 005 | 20211209080629.0 | ||
| 008 | 161218s1990 coua b 001 0 eng d | ||
| 020 | _a155587150X | ||
| 035 | _aBD-RjUL58624 | ||
| 040 |
_aBD-RjUL _beng _cBD-RjUL |
||
| 041 | _aeng | ||
| 082 |
_223 _a332.41 _bINF 1990 |
||
| 245 | 0 | 0 |
_aInflation, are we next? : _bhyperinflation and solutions in Argentina, Brazil, and Israel / _cedited by Pamela S. Falk |
| 260 |
_aBoulder, Colo ; _aLondon : _bLynne Rienner, _c1990 |
||
| 300 |
_aix, 166 p : _bill ; _c24 cm |
||
| 504 | _aIncludes bibliographical references (p. 153-159) and index | ||
| 650 | 0 |
_aEconomic stabilization _zArgentina _9173763 |
|
| 650 | 0 |
_aEconomic stabilization _zBrazil _9173764 |
|
| 650 | 0 |
_aEconomic stabilization _zIsrael _9173765 |
|
| 650 | 0 |
_aInflation (Finance) _zArgentina _9173766 |
|
| 650 | 0 |
_aInflation (Finance) _zBrazil _9173767 |
|
| 650 | 0 |
_aInflation (Finance) _zIsrael _9173768 |
|
| 700 | 1 |
_aFalk, Pamela S. _9173769 |
|
| 942 |
_2ddc _cBK |
||
| 999 |
_c58500 _d58500 |
||